[Event "CCT Play-in Chessable Masters 2024"]
[Site "Online"]
[Date "2024.01.31"]
[Round "6"]
[White "Caruana, Fabiano"]
[Black "Nemegejas"]
[Result "0-1"]
[WhiteElo "2804"]
[BlackElo "2194"]
[Annotator "TA"]
[PlyCount "110"]
[EventDate "2024.01.26"]
[EventType "swiss"]
[EventCountry "NET"]
[SourceTitle "playchess.com"]
[Source "ChessBase"]
[SourceQuality "1"]

1. c4 e6 2. Nc3 d5 3. d4 Nf6 4. cxd5 exd5 5. Bg5 c6 6. Qc2 h6 7. Bh4 g6 8. e3 Bf5 9. Bd3 Bxd3 10. Qxd3 Nbd7 11. Nge2 Bg7 12. O-O O-O 13. f3 Re8 14. Rad1 Qb6 15. b3 Rad8 16. Kh1 Qa5 17. e4 dxe4 18. fxe4 Qh5 19. Bxf6 Nxf6 20. h3 c5 21. d5 Qe5 22. Ng3 a6 23. a4 h5 24. Qf3 Re7 25. Rfe1 Ne8 26. Nb1 b5 27. axb5 axb5 28. Nd2 Nd6 29. Rc1 Bh6 30. Ngf1 Rc8 31. Rc2 f5 32. Qe2 fxe4 33. Rd1 Rf7 34. Nf3 Qf4 35. N3h2 Bg7 36. Ne3 Bd4 37. Nhf1 Qe5 38. Ra2 Rcf8 39. Qe1 Nf5 40. Nxf5 Rxf5 41. Nh2 Qxd5 42. Re2 Rf4 43. b4 Qf5 44. bxc5 Bxc5 45. Qc3 e3 46. Qb3+ Kh7 47. Qxb5 Rf7 48. Qc6 Rf2 49. Rxf2 Qxf2 50. Qe6 e2 51. Rb1 h4 52. Qe4 Qf1+ 53. Nxf1 Rxf1+ 54. Rxf1 exf1=Q+ 55. Kh2 Qg1# 0-1

[Event "CCT Play-in Chessable Masters 2024"]
[Site "Online"]
[Date "2024.01.31"]
[Round "6"]
[White "Firouzja, Alireza"]
[Black "MashaPutina"]
[Result "1-0"]
[WhiteElo "2759"]
[BlackElo "2651"]
[Annotator "TA"]
[PlyCount "97"]
[EventDate "2024.01.26"]
[EventType "swiss"]
[EventCountry "NET"]
[SourceTitle "playchess.com"]
[Source "ChessBase"]
[SourceQuality "1"]

1. e4 c5 2. Nf3 d6 3. d4 cxd4 4. Qxd4 Nf6 5. Bg5 Nc6 6. Bb5 Qa5+ 7. Nc3 Qxb5 8. Nxb5 Nxd4 9. Nfxd4 Nxe4 10. Nc7+ Kd8 11. Nxa8 Nxg5 12. Nb5 a6 13. Nc3 b5 14. h4 Ne6 15. a4 b4 16. Nd5 Bb7 17. Nab6 a5 18. O-O-O Nc5 19. Nc4 e6 20. Nde3 Kc7 21. Nxa5 Ba6 22. Nb3 Nxa4 23. Rd4 d5 24. c4 Nc5 25. Nxc5 Bxc5 26. Rf4 dxc4 27. Rxf7+ Kb6 28. Re1 Rd8 29. Rxg7 c3 30. bxc3 bxc3 31. Kc2 Bb4 32. Rd1 Rf8 33. Kb3 Bc5 34. Kxc3 Rxf2 35. Nc4+ Bxc4 36. Kxc4 Rf4+ 37. Kd3 Rxh4 38. Re1 Rh6 39. g4 Kc6 40. Re5 Bf8 41. Rg8 Kd6 42. Ra5 Rf6 43. Ke4 h6 44. Ra8 Ke7 45. Ke5 Rf7 46. Rgxf8 Rxf8 47. Ra7+ Kd8 48. Kd6 Ke8 49. Kxe6 1-0

[Event "CCT Play-in Chessable Masters 2024"]
[Site "Online"]
[Date "2024.01.31"]
[Round "6"]
[White "Andreikin, Dmitry"]
[Black "Donchenko, Alexander"]
[Result "1-0"]
[WhiteElo "2729"]
[BlackElo "2643"]
[Annotator "TA"]
[PlyCount "71"]
[EventDate "2024.01.26"]
[EventType "swiss"]
[EventCountry "NET"]
[SourceTitle "playchess.com"]
[Source "ChessBase"]
[SourceQuality "1"]

1. d4 Nf6 2. Bg5 d5 3. Nd2 c5 4. dxc5 Na6 5. e4 Nxc5 6. exd5 Qxd5 7. Ngf3 Ne6 8. Bc4 Qa5 9. b4 Qc7 10. Bh4 g6 11. Bg3 Qb6 12. a4 a6 13. c3 Bg7 14. a5 Qc6 15. O-O O-O 16. Ne5 Qe8 17. Re1 Nh5 18. Bh4 Kh8 19. Qb3 g5 20. Bg3 Nxg3 21. hxg3 Nd8 22. Rad1 f6 23. Nd3 Bg4 24. Nf3 e5 25. Nc5 Rc8 26. Re4 Qh5 27. Rd6 f5 28. Re1 Rc6 29. Rxc6 Nxc6 30. Ne6 Rf6 31. Nexg5 Bxf3 32. Nf7+ Rxf7 33. Bxf7 Qg5 34. gxf3 f4 35. Qe6 Bf8 36. Qg4 1-0

[Event "CCT Play-in Chessable Masters 2024"]
[Site "Online"]
[Date "2024.01.31"]
[Round "6"]
[White "Yu, Yangyi"]
[Black "Holt, Conrad"]
[Result "1-0"]
[WhiteElo "2720"]
[BlackElo "2540"]
[Annotator "TA"]
[PlyCount "85"]
[EventDate "2024.01.26"]
[EventType "swiss"]
[EventCountry "NET"]
[SourceTitle "playchess.com"]
[Source "ChessBase"]
[SourceQuality "1"]

1. e4 e6 2. d3 d5 3. Nd2 Bd6 4. Ngf3 c5 5. g3 Nc6 6. Bg2 Nge7 7. O-O O-O 8. Re1 Qc7 9. Qe2 f6 10. c3 Bd7 11. a3 Rad8 12. b4 a5 13. b5 Ne5 14. a4 Nf7 15. Bb2 Rfe8 16. Rac1 Rc8 17. h4 Qd8 18. Qf1 Bb8 19. Ba3 b6 20. h5 Kh8 21. Re2 e5 22. d4 dxe4 23. Nxe4 cxd4 24. cxd4 Rxc1 25. Qxc1 Bg4 26. dxe5 Bxe5 27. Rd2 Qc7 28. Rc2 Qd8 29. h6 Nxh6 30. Nxe5 fxe5 31. Nd6 Rf8 32. Rc7 Nhg8 33. Ra7 Bf3 34. Qc4 Bh5 35. Qe6 Rf6 36. Qxe5 Bg6 37. Ra8 Qd7 38. Rb8 Re6 39. Qd4 Re1+ 40. Kh2 h6 41. Nf7+ Bxf7 42. Qxd7 Be6 43. Qd2 1-0

[Event "CCT Play-in Chessable Masters 2024"]
[Site "Online"]
[Date "2024.01.31"]
[Round "6"]
[White "Dubov, Daniil"]
[Black "JSPrepz"]
[Result "1-0"]
[WhiteElo "2708"]
[BlackElo "2544"]
[Annotator "TA"]
[PlyCount "99"]
[EventDate "2024.01.26"]
[EventType "swiss"]
[EventCountry "NET"]
[SourceTitle "playchess.com"]
[Source "ChessBase"]
[SourceQuality "1"]

1. d4 Nf6 2. Nf3 c5 3. d5 b5 4. c4 g6 5. cxb5 a6 6. b6 d6 7. e4 Nbd7 8. Qc2 Bg7 9. Be2 Rb8 10. Bd2 O-O 11. O-O Qxb6 12. Bc3 Ne8 13. Nfd2 Bxc3 14. Nc4 Qc7 15. Qxc3 Nb6 16. Nbd2 Nxc4 17. Bxc4 Qb6 18. b3 Nc7 19. a4 Qb4 20. Qe3 a5 21. Rac1 Ba6 22. h4 Bxc4 23. Rxc4 Qb7 24. Qh6 e6 25. h5 exd5 26. exd5 Nxd5 27. Ne4 f5 28. Nxd6 Qg7 29. Qd2 Nf6 30. hxg6 hxg6 31. Rxc5 Rfd8 32. Qf4 Rb4 33. Qe5 Ne4 34. Qe6+ Kh7 35. Rc6 Nxd6 36. Rxd6 Rxd6 37. Qxd6 Rxb3 38. Re1 Rb7 39. Re3 Qb2 40. Rg3 Rb6 41. Rh3+ Kg7 42. Qe7+ Kg8 43. Qe8+ Kg7 44. Qh8+ Kf7 45. Rh7+ Ke6 46. Qg8+ Kf6 47. Qd8+ Ke5 48. Re7+ Kf4 49. Re1 Qb4 50. Qh4# 1-0

[Event "CCT Play-in Chessable Masters 2024"]
[Site "Online"]
[Date "2024.01.31"]
[Round "6"]
[White "Zohid6"]
[Black "ViIIagra"]
[Result "1/2-1/2"]
[WhiteElo "2703"]
[BlackElo "2566"]
[Annotator "TA"]
[PlyCount "118"]
[EventDate "2024.01.26"]
[EventType "swiss"]
[EventCountry "NET"]
[SourceTitle "playchess.com"]
[Source "ChessBase"]
[SourceQuality "1"]

1. d4 Nf6 2. Nc3 d5 3. Bf4 a6 4. e3 h6 5. h4 c5 6. Nf3 Nc6 7. Ne5 cxd4 8. exd4 Qb6 9. Nxc6 Qxc6 10. Bd3 e6 11. Qf3 Bd6 12. O-O-O Qc7 13. Bxd6 Qxd6 14. g4 Ng8 15. g5 Ne7 16. gxh6 Rxh6 17. Rdg1 Rf6 18. Qe3 g6 19. h5 gxh5 20. Rxh5 Qf4 21. Kb1 Kd7 22. Rg2 b5 23. a3 Bb7 24. Ne2 Qxe3 25. fxe3 Rg8 26. Rxg8 Nxg8 27. Rh8 Rf1+ 28. Ka2 Ne7 29. Nf4 Rf3 30. Rf8 f5 31. Rf7 Kd6 32. Nh5 Rxe3 33. Ng7 Bc6 34. Rf6 Kd7 35. b4 Bb7 36. Kb2 Bc8 37. Ka2 Kd8 38. Rf8+ Kc7 39. Rf7 Kd8 40. Rf8+ Kd7 41. Rf6 Nc6 42. Rf7+ Kd8 43. Rf8+ Kc7 44. Ne8+ Kb6 45. Nd6 Bd7 46. Rf7 Kc7 47. Ne8+ Kd8 48. Nf6 Bc8 49. Rf8+ Kc7 50. Bxf5 Nxd4 51. Nxd5+ exd5 52. Rxc8+ Kb7 53. Rf8 Rf3 54. Bc8+ Kb6 55. Rxf3 Nxf3 56. Be6 Kc6 57. Bc8 Kb6 58. Be6 Kc6 59. Bc8 Kb6 1/2-1/2

[Event "CCT Play-in Chessable Masters 2024"]
[Site "Online"]
[Date "2024.01.31"]
[Round "6"]
[White "Sarana, Alexey"]
[Black "Deac, Bogdan-Daniel"]
[Result "1/2-1/2"]
[WhiteElo "2695"]
[BlackElo "2690"]
[Annotator "TA"]
[PlyCount "134"]
[EventDate "2024.01.26"]
[EventType "swiss"]
[EventCountry "NET"]
[SourceTitle "playchess.com"]
[Source "ChessBase"]
[SourceQuality "1"]

1. d4 Nf6 2. c4 e6 3. Nc3 Bb4 4. e3 O-O 5. Bd3 d5 6. a3 dxc4 7. Bxc4 Be7 8. Nf3 c5 9. O-O a6 10. dxc5 Qxd1 11. Rxd1 Bxc5 12. b4 Be7 13. Be2 b5 14. Nd4 Bb7 15. Nb3 Nc6 16. e4 a5 17. bxa5 Nxa5 18. Nxa5 Rxa5 19. Nxb5 Nxe4 20. Be3 Bf6 21. Rac1 Ba6 22. Bd3 Ra4 23. Bxe4 Rxe4 24. Nd6 Ra4 25. Bc5 Be7 26. Bb4 h6 27. Rc7 Bd8 28. Rxf7 Rxf7 29. Nxf7 Ba5 30. Nd8 Bxb4 31. axb4 Bc4 32. Nc6 Bb5 33. Nd4 Bc4 34. Rb1 Bd3 35. Re1 Bc4 36. Rb1 Bd3 37. Rc1 Kf7 38. f4 Rxb4 39. Nc6 Rb3 40. Ne5+ Kg8 41. Rc8+ Kh7 42. g4 Be4 43. h4 h5 44. gxh5 Rb7 45. Kf2 g6 46. Re8 gxh5 47. Rxe6 Kg7 48. Ra6 Bf5 49. Ra3 Rb2+ 50. Kg3 Rc2 51. Nf3 Be4 52. Ra7+ Kf6 53. Ra6+ Kg7 54. Nd4 Rg2+ 55. Kh3 Rg4 56. Ne6+ Kf6 57. Ng5+ Kf5 58. Ra4 Bg2+ 59. Kh2 Bd5 60. Ra5 Rxh4+ 61. Kg3 Rg4+ 62. Kh3 Kxf4 63. Rxd5 Rxg5 64. Rd8 Rg4 65. Rd5 Rg5 66. Rd8 Rg4 67. Rd5 Rg5 1/2-1/2

[Event "CCT Play-in Chessable Masters 2024"]
[Site "Online"]
[Date "2024.01.31"]
[Round "6"]
[White "Saric, Ivan"]
[Black "Malakhov, Vladimir"]
[Result "1/2-1/2"]
[WhiteElo "2689"]
[BlackElo "2648"]
[Annotator "RC"]
[PlyCount "130"]
[EventDate "2024.01.26"]
[EventType "swiss"]
[EventCountry "NET"]
[SourceTitle "playchess.com"]
[Source "ChessBase"]
[SourceQuality "1"]

1. e4 e5 2. Nf3 Nc6 3. Bb5 Nf6 4. d3 Bc5 5. Bg5 h6 6. Bh4 Be7 7. Bxc6 bxc6 8. Nxe5 Nxe4 9. Nxc6 dxc6 10. Bxe7 Qxe7 11. dxe4 Qxe4+ 12. Qe2 Qxe2+ 13. Kxe2 Ba6+ 14. Kf3 O-O-O 15. Nc3 Rd2 16. Rac1 Re8 17. Rhd1 Be2+ 18. Nxe2 Rdxe2 19. Rd3 R8e6 20. g3 g5 21. g4 R2e5 22. Re3 f5 23. Rce1 Rxe3+ 24. Rxe3 fxg4+ 25. Kxg4 Rd6 26. Rd3 Re6 27. Kh5 Rf6 28. f3 c5 29. Rc3 Kb7 30. Rxc5 Rxf3 31. Kxh6 Rh3+ 32. Kxg5 Rxh2 33. Kf4 a6 34. Ke4 Kb6 35. Rc4 c5 36. b3 Rh4+ 37. Kd3 Rh3+ 38. Kd2 Rh2+ 39. Kc3 Rh3+ 40. Kb2 Kb5 41. Rc3 Rh4 42. Rf3 Rh6 43. Kc3 a5 44. a4+ Kb6 45. Rf4 Kc6 46. Kc4 Rg6 47. Rf8 Rg4+ 48. Kc3 Rg3+ 49. Kb2 Kb7 50. Rf7+ Kb6 51. Rf6+ Kb7 52. Rd6 Rh3 53. Rd3 Rxd3 54. cxd3 Kc6 55. Kc2 Kd6 56. Kd2 Ke5 57. Kd1 Kd4 58. Kc2 Ke5 59. Kd2 Kd4 60. Kc2 Ke5 61. Kc1 Kd4 62. Kd2 Ke5 63. Ke3 Kd5 64. Ke2 Kd4 65. Kd2 Ke5 1/2-1/2

[Event "CCT Play-in Chessable Masters 2024"]
[Site "Online"]
[Date "2024.01.31"]
[Round "6"]
[White "Svidler, Peter"]
[Black "Bortnyk, Oleksandr"]
[Result "1/2-1/2"]
[WhiteElo "2689"]
[BlackElo "2630"]
[Annotator "TA"]
[PlyCount "86"]
[EventDate "2024.01.26"]
[EventType "swiss"]
[EventCountry "NET"]
[SourceTitle "playchess.com"]
[Source "ChessBase"]
[SourceQuality "1"]

1. e4 Nf6 2. e5 Nd5 3. d4 d6 4. Nf3 dxe5 5. Nxe5 c6 6. Be2 Bf5 7. O-O Nd7 8. Bd3 Bxd3 9. Nxd3 e6 10. c4 N5f6 11. Nc3 Bd6 12. Re1 O-O 13. Ne5 Bb4 14. Qc2 Nxe5 15. dxe5 Nd7 16. a3 Bxc3 17. Qxc3 Qh4 18. Be3 Rfd8 19. Rad1 Qh5 20. Qb4 Nxe5 21. Rxd8+ Rxd8 22. Qxb7 Nxc4 23. Bd4 h6 24. Qxa7 Qb5 25. a4 Qb3 26. h3 Nxb2 27. Bxb2 Qxb2 28. Qc5 Rd2 29. a5 Qa2 30. Qb6 Rb2 31. Qd8+ Kh7 32. Qd3+ f5 33. Qd4 Rb5 34. a6 Ra5 35. Qd6 Rxa6 36. Rxe6 Qb1+ 37. Kh2 Ra1 38. Rxh6+ gxh6 39. Qe7+ Kg6 40. Qe6+ Kg7 41. Qe7+ Kg6 42. Qe6+ Kg7 43. Qe7+ Kg6 1/2-1/2

[Event "CCT Play-in Chessable Masters 2024"]
[Site "Online"]
[Date "2024.01.31"]
[Round "6"]
[White "evgchess5"]
[Black "Melkumyan, Hrant"]
[Result "1-0"]
[WhiteElo "2686"]
[BlackElo "2640"]
[Annotator "RC"]
[PlyCount "105"]
[EventDate "2024.01.26"]
[EventType "swiss"]
[EventCountry "NET"]
[SourceTitle "playchess.com"]
[Source "ChessBase"]
[SourceQuality "1"]

1. e4 c6 2. d4 d5 3. e5 Bf5 4. h4 h5 5. c4 e6 6. Nc3 dxc4 7. Bxc4 Nd7 8. Nge2 Ne7 9. Bg5 Qb6 10. O-O O-O-O 11. Qc1 Kb8 12. a3 Qc7 13. b4 f6 14. exf6 gxf6 15. Bf4 e5 16. dxe5 Nxe5 17. Ng3 Bg4 18. Nce4 N7g6 19. Bxe5 Nxe5 20. Be2 Bh6 21. Qc3 Bxe2 22. Nxe2 Rd3 23. Qc2 Rg8 24. N4g3 f5 25. f4 Rdxg3 26. Nxg3 Rxg3 27. fxe5 Be3+ 28. Kh2 Rg4 29. Qxf5 Rxh4+ 30. Kg3 Rg4+ 31. Kh3 a6 32. Rae1 Bg5 33. Qf8+ Ka7 34. Qc5+ Ka8 35. g3 Be7 36. Qf2 Rg5 37. Qf4 Qc8+ 38. Kh2 h4 39. g4 Qg8 40. Qf7 Qd8 41. Rd1 Qc7 42. Rf5 Rxg4 43. Qe8+ Ka7 44. Qd7 Qxd7 45. Rxd7 Bg5 46. Rd1 Be7 47. Rf7 Bg5 48. Rdd7 Re4 49. Rxb7+ Ka8 50. Rbd7 Re2+ 51. Kh3 Re3+ 52. Kg4 Rg3+ 53. Kh5 1-0

[Event "CCT Play-in Chessable Masters 2024"]
[Site "Online"]
[Date "2024.01.31"]
[Round "6"]
[White "Shankland, Sam"]
[Black "rasmussvane"]
[Result "0-1"]
[WhiteElo "2674"]
[BlackElo "2590"]
[Annotator "TA"]
[PlyCount "82"]
[EventDate "2024.01.26"]
[EventType "swiss"]
[EventCountry "NET"]
[SourceTitle "playchess.com"]
[Source "ChessBase"]
[SourceQuality "1"]

1. c4 Nf6 2. g3 e6 3. Bg2 d5 4. Nf3 Be7 5. O-O O-O 6. d4 dxc4 7. Qc2 a6 8. Qxc4 b5 9. Qc2 Bb7 10. Bd2 Be4 11. Qc1 c6 12. Rd1 Bxf3 13. Bxf3 Qxd4 14. a4 Qb6 15. axb5 Qxb5 16. Na3 Qb3 17. Nc4 Nd5 18. Na5 Qb5 19. e4 Nb4 20. Be3 c5 21. e5 N8c6 22. Nc4 Rad8 23. Nd6 Bxd6 24. exd6 c4 25. Qc3 Nd5 26. Bxd5 exd5 27. Qa3 Nb4 28. Qa5 Nd3 29. Qxb5 axb5 30. Ra5 Rxd6 31. Rxb5 d4 32. Bd2 Re8 33. Kf1 h6 34. Ba5 Rf6 35. Rd2 Re1+ 36. Kg2 Rb1 37. Rd5 Ne1+ 38. Kh3 Nf3 39. Rc2 Rh1 40. Rxc4 Rxh2+ 41. Kg4 g6 0-1

[Event "CCT Play-in Chessable Masters 2024"]
[Site "Online"]
[Date "2024.01.31"]
[Round "6"]
[White "Sargissian, Gabriel"]
[Black "Sjugirov, Sanan"]
[Result "1-0"]
[WhiteElo "2672"]
[BlackElo "2695"]
[Annotator "TA"]
[PlyCount "101"]
[EventDate "2024.01.26"]
[EventType "swiss"]
[EventCountry "NET"]
[SourceTitle "playchess.com"]
[Source "ChessBase"]
[SourceQuality "1"]

1. d4 Nf6 2. c4 e6 3. Nf3 b6 4. g3 Bb7 5. Bg2 Be7 6. O-O O-O 7. Re1 Na6 8. Nc3 Ne4 9. Bf4 d6 10. h4 Qc8 11. Nxe4 Bxe4 12. Ng5 Bxg2 13. Kxg2 h6 14. Nf3 c5 15. e4 cxd4 16. Nxd4 Nc5 17. Qf3 a6 18. e5 dxe5 19. Bxe5 f6 20. Nc6 Qb7 21. Bd4 Rae8 22. b4 Nd3 23. Rxe6 Bxb4 24. Rxe8 Rxe8 25. Nxb4 Qxf3+ 26. Kxf3 Nxb4 27. Bxb6 Kf7 28. a3 Nc2 29. Rc1 Ne1+ 30. Kg4 Re6 31. Be3 Nd3 32. Rc3 Ne5+ 33. Kf4 Rc6 34. c5 Ke6 35. h5 Kd5 36. Kf5 Rc7 37. Bf4 Kd4 38. Bxe5+ fxe5 39. Rc1 Rf7+ 40. Kg6 Rxf2 41. c6 Rf8 42. Kxg7 Rc8 43. Kxh6 e4 44. g4 e3 45. g5 e2 46. Re1 Ke3 47. g6 Rxc6 48. Kh7 Kf2 49. Rxe2+ Kxe2 50. g7 Rc7 51. h6 1-0

[Event "CCT Play-in Chessable Masters 2024"]
[Site "Online"]
[Date "2024.01.31"]
[Round "6"]
[White "jefferyx"]
[Black "Vokhidov, Shamsiddin"]
[Result "0-1"]
[WhiteElo "2667"]
[BlackElo "2596"]
[Annotator "TA"]
[PlyCount "112"]
[EventDate "2024.01.26"]
[EventType "swiss"]
[EventCountry "NET"]
[SourceTitle "playchess.com"]
[Source "ChessBase"]
[SourceQuality "1"]

1. e4 c5 2. Nf3 e6 3. c3 Nf6 4. Bd3 d5 5. e5 Nfd7 6. Bc2 c4 7. d4 cxd3 8. Qxd3 Nc6 9. Bf4 Qc7 10. Qe2 f6 11. Ba4 Nb6 12. Bxc6+ bxc6 13. Bg3 f5 14. Nbd2 a5 15. c4 Ba6 16. b3 Be7 17. O-O O-O 18. Bf4 h6 19. h4 c5 20. Rfc1 d4 21. Qd1 Bb7 22. h5 Kh7 23. Ne1 Rg8 24. Nf1 Nd7 25. Qe2 g5 26. Bh2 Qc6 27. f3 g4 28. f4 g3 29. Bxg3 Rg4 30. Rd1 Rag8 31. Rd3 Qe4 32. Qf2 Bh4 33. Rf3 Be7 34. Rd1 Qc6 35. Nh2 R4g7 36. Bh4 Qc8 37. Rh3 Bxh4 38. Rxh4 Rg3 39. Nf1 Rxg2+ 40. Nxg2 Rxg2+ 41. Qxg2 Bxg2 42. Kxg2 Qc6+ 43. Kf2 Qe4 44. Re1 Qc2+ 45. Re2 Qc1 46. Re1 Qc2+ 47. Re2 d3 48. Rd2 Qc3 49. Rh2 Qd4+ 50. Kg3 Qg1+ 51. Rhg2 Qxf1 52. Rgf2 Qg1+ 53. Kf3 Qh1+ 54. Kg3 Qe4 55. Rf3 Qe1+ 56. Rff2 Qe3+ 0-1

[Event "CCT Play-in Chessable Masters 2024"]
[Site "Online"]
[Date "2024.01.31"]
[Round "6"]
[White "Oparin, Grigoriy"]
[Black "So, Wesley"]
[Result "0-1"]
[WhiteElo "2664"]
[BlackElo "2757"]
[Annotator "TA"]
[PlyCount "100"]
[EventDate "2024.01.26"]
[EventType "swiss"]
[EventCountry "NET"]
[SourceTitle "playchess.com"]
[Source "ChessBase"]
[SourceQuality "1"]

1. e4 e5 2. Nf3 Nc6 3. Bb5 Nf6 4. O-O Nxe4 5. d4 Nd6 6. dxe5 Nxb5 7. a4 d6 8. axb5 Nxe5 9. Nd4 Be7 10. Nc3 O-O 11. Re1 Re8 12. Bf4 Bf8 13. h3 Bd7 14. Bg3 a6 15. bxa6 Rxa6 16. Rxa6 bxa6 17. Nd5 a5 18. Qd2 a4 19. Qc3 c5 20. Ne2 Nc6 21. Qd2 Qb8 22. Rb1 a3 23. b3 Nb4 24. Nec3 Bf5 25. Ne3 Bg6 26. Ra1 Rxe3 27. fxe3 Nxc2 28. Rf1 h6 29. Rb1 Nxe3 30. Rc1 Nf5 31. Bf2 Qxb3 32. Rb1 Qc4 33. Ra1 Qb4 34. Qc1 Nd4 35. Rxa3 Nc2 36. Ra8 Qxc3 37. Kh2 Qe5+ 38. Bg3 Qe4 39. Rb8 Ne3 40. Qg1 Nf5 41. Qd1 Qe7 42. Bf4 Kh7 43. Qd2 Nd4 44. Bg3 Ne6 45. Qa5 h5 46. Qa8 h4 47. Bf2 Qf6 48. Kg1 Kg8 49. Qd5 Qa1+ 50. Kh2 Qe5+ 0-1

[Event "CCT Play-in Chessable Masters 2024"]
[Site "Online"]
[Date "2024.01.31"]
[Round "6"]
[White "Bartel, Mateusz"]
[Black "Kravtsiv, Martyn"]
[Result "0-1"]
[WhiteElo "2657"]
[BlackElo "2598"]
[Annotator "TA"]
[PlyCount "102"]
[EventDate "2024.01.26"]
[EventType "swiss"]
[EventCountry "NET"]
[SourceTitle "playchess.com"]
[Source "ChessBase"]
[SourceQuality "1"]

1. e4 e5 2. Nf3 Nc6 3. Bb5 a6 4. Ba4 Nf6 5. Nc3 Be7 6. a3 b5 7. Bb3 d6 8. O-O O-O 9. d3 Bg4 10. Be3 Nd4 11. Bxd4 exd4 12. Nd5 Nxd5 13. Bxd5 Rb8 14. h3 Bd7 15. Qd2 Bf6 16. Rae1 c6 17. Bb3 Re8 18. Nh2 a5 19. f4 a4 20. Ba2 b4 21. axb4 Qb6 22. e5 Bh4 23. Re2 Qxb4 24. c3 Qc5 25. cxd4 Qxd4+ 26. Kh1 Bg3 27. Rf3 Bxh2 28. Kxh2 d5 29. g4 Rb4 30. Rff2 Reb8 31. Qc3 Qxc3 32. bxc3 R4b7 33. f5 a3 34. d4 Rb2 35. Kg3 Bc8 36. Kf3 Ba6 37. Rxb2 Rxb2 38. Rxb2 axb2 39. Bb1 g5 40. f6 h6 41. Ke3 Kf8 42. Kd2 Bf1 43. Kc2 Bxh3 44. Kxb2 Bxg4 45. Kc1 h5 46. Kd2 Ke8 47. Ke3 h4 48. Kf2 Kd7 49. Bd3 Be6 50. Kf3 Kc7 51. Kf2 Kb6 0-1

[Event "CCT Play-in Chessable Masters 2024"]
[Site "Online"]
[Date "2024.01.31"]
[Round "6"]
[White "Bluebaum, Matthias"]
[Black "Lysyj, Igor"]
[Result "1/2-1/2"]
[WhiteElo "2655"]
[BlackElo "2589"]
[Annotator "TA"]
[PlyCount "148"]
[EventDate "2024.01.26"]
[EventType "swiss"]
[EventCountry "NET"]
[SourceTitle "playchess.com"]
[Source "ChessBase"]
[SourceQuality "1"]

1. d4 d5 2. c4 e6 3. Nc3 c5 4. cxd5 exd5 5. Nf3 Nc6 6. g3 Nf6 7. Be3 cxd4 8. Nxd4 Bb4 9. Bg2 O-O 10. O-O Bxc3 11. bxc3 h6 12. Nxc6 bxc6 13. c4 Re8 14. cxd5 Nxd5 15. Bd4 Ba6 16. Re1 Qe7 17. Rc1 Qe6 18. Qc2 Ne7 19. e4 Red8 20. Qc3 f6 21. a4 Qa2 22. Qc5 Ng6 23. Qxc6 Rac8 24. Qxa6 Rxc1 25. Rxc1 Rxd4 26. Qxa7 Qxa4 27. Qxa4 Rxa4 28. f4 Ne7 29. Bf3 g5 30. Rc7 Kf8 31. f5 g4 32. Bg2 h5 33. Rc2 Ng8 34. Kf2 Nh6 35. Ke3 Nf7 36. Rc6 Kg7 37. Rc7 Kf8 38. Rc6 Kg7 39. Rc7 Kf8 40. Bf1 Ne5 41. Rh7 Ra3+ 42. Kd4 Ra1 43. Bb5 Rb1 44. Ba6 Rb2 45. Kd5 Kg8 46. Rxh5 Kg7 47. h3 gxh3 48. Rxh3 Rd2+ 49. Ke6 Rb2 50. Kd5 Rd2+ 51. Kc5 Rc2+ 52. Kd4 Ra2 53. Bb5 Ra3 54. Be2 Rb3 55. Rh1 Rxg3 56. Ra1 Rb3 57. Ra7+ Kf8 58. Kd5 Rb6 59. Bh5 Rc6 60. Ra8+ Kg7 61. Ra7+ Kf8 62. Ra8+ Kg7 63. Re8 Rb6 64. Be2 Kf7 65. Ra8 Kg7 66. Ra7+ Kf8 67. Ra5 Ke7 68. Bb5 Rd6+ 69. Kc5 Rd2 70. Ra7+ Kf8 71. Rb7 Rd1 72. Ra7 Rd2 73. Rb7 Rd1 74. Ra7 Rd2 1/2-1/2

[Event "CCT Play-in Chessable Masters 2024"]
[Site "Online"]
[Date "2024.01.31"]
[Round "6"]
[White "Shevchenko, Kirill"]
[Black "Dominguez Perez, Leinier"]
[Result "1/2-1/2"]
[WhiteElo "2651"]
[BlackElo "2752"]
[Annotator "TA"]
[PlyCount "59"]
[EventDate "2024.01.26"]
[EventType "swiss"]
[EventCountry "NET"]
[SourceTitle "playchess.com"]
[Source "ChessBase"]
[SourceQuality "1"]

1. e4 e5 2. Nf3 Nc6 3. Bb5 Nf6 4. O-O Nxe4 5. Re1 Nd6 6. Nxe5 Be7 7. Bf1 Nxe5 8. Rxe5 O-O 9. Nc3 Bf6 10. Re1 Re8 11. d4 Rxe1 12. Qxe1 Bxd4 13. Bf4 Ne8 14. Nd5 c6 15. Ne7+ Kf8 16. Nxc8 Qf6 17. Rd1 Rxc8 18. Qe4 Bc5 19. Rxd7 Rd8 20. Rxd8 Qxd8 21. Qf5 Bb6 22. g3 Qf6 23. Qxf6 Nxf6 24. Bh3 Ne4 25. Bc8 g5 26. Bc1 Nd6 27. Bh3 h6 28. Kf1 f5 29. Ke2 Kf7 30. Bg2 1/2-1/2

[Event "CCT Play-in Chessable Masters 2024"]
[Site "Online"]
[Date "2024.01.31"]
[Round "6"]
[White "crescentmoon"]
[Black "Troff, Kayden"]
[Result "1-0"]
[WhiteElo "2649"]
[BlackElo "2484"]
[Annotator "TA"]
[PlyCount "125"]
[EventDate "2024.01.26"]
[EventType "swiss"]
[EventCountry "NET"]
[SourceTitle "playchess.com"]
[Source "ChessBase"]
[SourceQuality "1"]

1. d4 Nf6 2. c4 g6 3. Nc3 d5 4. h4 c6 5. cxd5 cxd5 6. Bg5 Bg7 7. e3 Nc6 8. Bd3 h6 9. Bxf6 Bxf6 10. h5 g5 11. Nge2 e6 12. O-O Bd7 13. Rc1 Be7 14. e4 Nb4 15. exd5 Nxd5 16. Nxd5 exd5 17. Ng3 Bd6 18. Qf3 Be6 19. Nf5 Bxf5 20. Qxf5 Kf8 21. g3 Kg7 22. Qxd5 Qf6 23. Rcd1 Rhe8 24. Qxb7 Rab8 25. Qc6 Be5 26. Qxf6+ Bxf6 27. b3 Bxd4 28. Bc4 Rbd8 29. Rd3 Bb6 30. Rfd1 Rxd3 31. Rxd3 Rd8 32. Rf3 f6 33. a4 Rd2 34. Rf5 Rc2 35. a5 Bd4 36. Kg2 Be5 37. Kh3 Ra2 38. f4 gxf4 39. gxf4 Bc3 40. a6 Ra5 41. Bb5 Bb4 42. Rd5 Kf7 43. f5 Be7 44. Be8+ Kxe8 45. Rxa5 Kd7 46. Rb5 Kc6 47. Rb7 Bc5 48. Kg4 Bb6 49. Kf4 Kb5 50. Rh7 Ba5 51. Ke4 Bd2 52. Rxa7 Bg5 53. Ra8 Kb6 54. b4 Bd2 55. b5 Bg5 56. Rb8+ Ka7 57. Rb7+ Ka8 58. Kd5 Bf4 59. Kc6 Bb8 60. Rh7 Be5 61. b6 Bb8 62. a7 Bxa7 63. Rxa7+ 1-0

[Event "CCT Play-in Chessable Masters 2024"]
[Site "Online"]
[Date "2024.01.31"]
[Round "6"]
[White "Pichot, Alan"]
[Black "Predke, Alexandr"]
[Result "0-1"]
[WhiteElo "2644"]
[BlackElo "2668"]
[Annotator "TA"]
[PlyCount "118"]
[EventDate "2024.01.26"]
[EventType "swiss"]
[EventCountry "NET"]
[SourceTitle "playchess.com"]
[Source "ChessBase"]
[SourceQuality "1"]

1. e4 c6 2. d4 d5 3. e5 c5 4. Nf3 Bg4 5. dxc5 e6 6. Be3 Nd7 7. Bb5 Ne7 8. h3 Bxf3 9. Qxf3 Nc6 10. Qg3 Qc7 11. O-O Bxc5 12. Bxc5 Nxc5 13. Qe3 Nd7 14. f4 a6 15. Bd3 Nb4 16. Nd2 Qc5 17. Qxc5 Nxc5 18. Be2 Nxc2 19. Rac1 Nd4 20. Rxc5 Nxe2+ 21. Kh2 O-O 22. Nb3 Rfc8 23. Rf2 Rxc5 24. Nxc5 Nc1 25. Nxb7 Nxa2 26. f5 Nb4 27. fxe6 fxe6 28. Nc5 Re8 29. b3 a5 30. Nb7 Nc6 31. Rc2 Nxe5 32. Nxa5 Kf7 33. Nb7 Rb8 34. Rc7+ Kf6 35. Nc5 h5 36. Kg3 Rb4 37. Kf2 h4 38. Ke3 g5 39. Rh7 Nf7 40. Nd7+ Ke7 41. Nc5 e5 42. Rg7 Rb5 43. b4 Rxb4 44. Rg6 Rb5 45. Re6+ Kd8 46. Rc6 Rb4 47. Rf6 Rc4 48. Nd3 Ke7 49. Rg6 Rc3 50. Kd2 d4 51. Nf2 Rg3 52. Ne4 Rxg2+ 53. Kd3 Rh2 54. Kc4 Rxh3 55. Rg7 Rg3 56. Kd5 Rg4 57. Nd6 Rf4 58. Rh7 d3 59. Nc4 Rxc4 0-1